00503nam a2200193 a 4500001001300000003000900013005001700022008004100039020001300080082001600093100001800109245005900127260003100186300000900217500003500226505001000261650002400271650001400295nice12345678IN_TiNIC20260116013042.0050524s1995 lona grp 000 0 eng  ac919.5400a303.69bFIS aFisher, Roger aGetting Ready to Negotiateb Getting to Yes Work Book. aLondonbPenguin Bookc1995 a116p aincludes index and biblioraphy2 aIndex aConflict Resolution aMediation